[Event "Olympiad-42"]
[Site "Baku"]
[Date "2016.09.11"]
[Round "9.3"]
[White "Chumfwa, Kelvin"]
[Black "Sair, Soyar Ahmad"]
[Result "1-0"]
[WhiteElo "2240"]
[BlackElo "1715"]
[PlyCount "85"]
[EventDate "2016.09.02"]
[EventType "team-swiss"]
[EventRounds "11"]
[EventCountry "AZE"]
[SourceTitle "CBM 175"]
[Source "ChessBase"]
[SourceDate "2016.11.10"]
[SourceVersion "1"]
[SourceVersionDate "2016.11.10"]
[SourceQuality "1"]
[WhiteTeam "Zambia"]
[BlackTeam "Afghanistan"]
[WhiteTeamCountry "ZAM"]
[BlackTeamCountry "AFG"]

1. d4 d5 2. c4 dxc4 3. Nf3 Nf6 4. e3 e6 5. Bxc4 Bb4+ 6. Nc3 0-0 7. 0-0 c6 8. Qe2 Nbd7 9. e4 h6 10. Bd2 Re8 11. e5 Nd5 12. Bd3 Nf8 13. Nxd5 Bxd2 14. Nf6+ gxf6 15. Qxd2 Kg7 16. exf6+ Qxf6 17. Ne5 Nd7 18. f4 b6 19. f5 Nxe5 20. dxe5 Qg5 21. f6+ Kh8 22. Qxg5 hxg5 23. Rf3 g4 24. Rf4 Rg8 25. h3 Bb7 26. hxg4 Rad8 27. Rd1 Rg5 28. Rf3 Rd5 29. Rh3+ Kg8 30. Kf2 c5 31. Rdh1 Kf8 32. Rh8+ Rg8 33. Rxg8+ Kxg8 34. Bh7+ Kf8 35. Be4 Ke8 36. Rh8+ Kd7 37. Bxd5 Bxd5 38. Rf8 a5 39. Rxf7+ Kd8 40. g5 Be4 41. Rf8+ Kd7 42. Rg8 b5 43. f7 1-0

[Event "Olympiad-42"]
[Site "Baku"]
[Date "2016.09.08"]
[Round "6.3"]
[White "Sair, Soyar Ahmad"]
[Black "Latela, Kananelo"]
[Result "1/2-1/2"]
[WhiteElo "1715"]
[BlackElo "1736"]
[PlyCount "145"]
[EventDate "2016.09.02"]
[EventType "team-swiss"]
[EventRounds "11"]
[EventCountry "AZE"]
[SourceTitle "CBM 175"]
[Source "ChessBase"]
[SourceDate "2016.11.10"]
[SourceVersion "1"]
[SourceVersionDate "2016.11.10"]
[SourceQuality "1"]
[WhiteTeam "Afghanistan"]
[BlackTeam "Lesotho"]
[WhiteTeamCountry "AFG"]
[BlackTeamCountry "LES"]

1. e4 c5 2. Nf3 d6 3. d4 cxd4 4. Nxd4 Nf6 5. Nc3 a6 6. Be2 e5 7. Nb3 Be6 8. Bg5 Be7 9. 0-0 Qc7 10. Qd2 Nbd7 11. Rad1 Rc8 12. Be3 b5 13. a3 0-0 14. f4 Rfd8 15. f5 Bc4 16. Bxc4 bxc4 17. Nc1 Qb7 18. N1e2 Nxe4 19. Qd5 Qxd5 20. Nxd5 Bf8 21. Bb6 Nxb6 22. Nxb6 Rc6 23. Nd5 Rb8 24. Nb4 Rcb6 25. Rd5 Nc5 26. Rd2 a5 27. Nd5 Rxb2 28. Nec3 Nb3 29. Rdf2 Nd4 30. f6 g6 31. Ne3 Bh6 32. Nxc4 Rxc2 33. Rxc2 Nxc2 34. Nxd6 Be3+ 35. Kh1 Nxa3 36. Nd5 Bd4 37. Ne7+ Kf8 38. h4 Rb1 39. Rxb1 Nxb1 40. Nd5 a4 41. Nb5 a3 42. Nb4 e4 43. Nxd4 Nc3 44. Kg1 Ke8 45. Kf2 Kd7 46. Ke3 Kd6 47. g4 Kc5 48. Nbc2 a2 49. Nb3+ Kc4 50. Nd2+ Kd5 51. Kf4 h6 52. g5 h5 53. Nf1 Ne2+ 54. Ke3 Nd4 55. Nb4+ Ke5 56. Nxa2 Nf5+ 57. Kf2 Nxh4 58. Nc3 Nf3 59. Ke3 Nxg5 60. Ng3 Kxf6 61. Kf4 Ne6+ 62. Kxe4 h4 63. Nf1 g5 64. Nd5+ Kg6 65. Nh2 f5+ 66. Ke5 Ng7 67. Ne7+ Kh5 68. Nxf5 Nxf5 69. Kxf5 h3 70. Ke4 Kh4 71. Kf3 g4+ 72. Nxg4 h2 73. Nxh2 1/2-1/2